| 000 | 00898nam a22002297a 4500 | ||
|---|---|---|---|
| 999 |
_c19900 _d19900 |
||
| 003 | AR-CdUCM | ||
| 008 | 190523b ||||| |||| 00| 0 spa d | ||
| 040 |
_aMUNICIPALIDAD PROVINCIAL DEL CUSCO _cBIBLIOTECA MUNICIPAL DEL CUSCO |
||
| 041 | _heng | ||
| 082 |
_a658 / _bB83 |
||
| 100 |
_aBrink, Víctor Z. _941607 |
||
| 245 |
_aLas computadoras y la administración : _bel punto de vista del ejecutivo / |
||
| 260 |
_aMéxico : _bDiana, _c1973. |
||
| 300 |
_a236 páginas ; _c24 cm. |
||
| 505 | _aContenido: Introducción y revisión general -- La influencia de las computadoras en las practicas administrativas -- La influencia de las computadoras en las políticas de organización... | ||
| 650 |
_aComputadoras _938052 |
||
| 650 |
_aEjecutivo _938805 |
||
| 650 |
_aElectrónica _920355 |
||
| 700 |
_aMeza Nieto, José (traducción) _941608 |
||
| 942 |
_2ddc _cLIBROS |
||
| 945 |
_adavv _d2019-05-23 |
||